LIBRARY & INFORMATION CENTRE, KCAET, TAVANUR

ONLINE PUBLIC ACCESS CATALOGUE (OPAC)

First year BSc main mathematics, Paper 1 / (Record no. 9890)

MARC details
000 -LEADER
fixed length control field 00591cam a2200217ua 4500
041 ## - LANGUAGE CODE
Language code of text/sound track or separate title eng
082 ## - DEWEY DECIMAL CLASSIFICATION NUMBER
Classification number 510.1
Item number VIJ/MA
100 ## - MAIN ENTRY--AUTHOR NAME
Personal name Vijayalakshmi, V G .
245 ## - TITLE STATEMENT
Title First year BSc main mathematics, Paper 1 /
250 ## - EDITION STATEMENT
Edition statement 1 /
260 ## - PUBLICATION, DISTRIBUTION, ETC. (IMPRINT)
Place of publication Ottapalam :
Name of publisher Ajith book centre ,
Year of publication 1966.
300 ## - PHYSICAL DESCRIPTION
Number of Pages 459 ; .
490 0# - SERIES STATEMENT
Series statement ABC Companian Series,
Volume number/sequential designation
700 1# - ADDED ENTRY--PERSONAL NAME
Personal name Janardhanan Pillai, C.P.
942 ## - ADDED ENTRY ELEMENTS (KOHA)
Koha item type Books
Holdings
Withdrawn status Lost status Damaged status Home library Current library Date acquired Full call number Accession Number Koha item type Collection code Shelving location
      KAUAET KAUAET 17/03/1986 510.1 15068 Books    
      KAUAET KAUAET 07/12/2022 510.1 VIJ/MA 15081 Books General Books Old Collection
free website counter